Marque de voitures par pays - Statistiques

Statistiques générales
  • Ce quiz a été pris 147 fois
  • Le résultat moyen est 11 sur 14
Statistiques - réponses
Hint Réponse % Correct
Peugeot France
99%
BMW Allemagne
96%
Ford états-unis
94%
Toyota Japon
94%
Fiat Italie
93%
Rolls-Royce Royaume-uni
93%
SEAT Espagne
79%
Kia Corée du sud
74%
Volvo Suède
73%
BYD Chine
66%
Dacia Roumanie
63%
Skoda Tchéquie
63%
Tata Motors Inde
60%
Holden Australie
30%
Aucun quiz correspondant
Distribution des résultats
% des personnes avec chaque résultat
Percentile par nombre de réponses
Votre historique - résultats
Vous n’avez pas pris ce quiz